000 00618nam a2200229Ia 4500
003 OSt
005 20220928124342.0
006 a|||||r|||| 00| 0
007 ta
008 220927b |||||||| |||| 00| 0 eng d
024 _a74831
037 _cTextual
040 _aSDCL
_cSDCL
_beng
041 _2eng
_aeng
082 _aQ22:221:g(R), M8
100 _aArya Sharda
_9464582
245 0 _aReligion and philosophy of the Padma-purana
260 _aDelhi
_bNag Pub
_c1988
300 _axv+lxii+vii,547p
_ccm.
942 _hQ22:221:g(R), M8
_cTEXL
_2CC
999 _c777479
_d777479